[Event "European Rapid 2017"]
[Site "Katowice POL"]
[Date "2017.12.17"]
[Round "8.29"]
[White "Vykouk, Jan"]
[Black "Pavlidis, Antonios"]
[Result "0-1"]
[WhiteTitle "FM"]
[BlackTitle "GM"]
[WhiteElo "2435"]
[BlackElo "2539"]
[WhiteFideId "349658"]
[BlackFideId "4212312"]
[EventDate "2017.12.16"]

1. e4 c5 2. Nf3 e6 3. d4 cxd4 4. Nxd4 Nc6 5. Nc3 Qc7 6. Be3 a6 7. Qd2 Nf6 8.
O-O-O Bb4 9. f3 Ne5 10. g4 h6 11. h4 d5 12. g5 hxg5 13. hxg5 Rxh1 14. gxf6 gxf6
15. exd5 Bxc3 16. bxc3 Nc4 17. Bxc4 Rxd1+ 18. Qxd1 Qxc4 19. Qg1 Qxd5 20. Qg8+
Ke7 21. Bh6 Qd8 22. Qh7 e5 23. Bg7 Bd7 24. Qe4 Qg8 25. Qxb7 exd4 26. Qe4+ Be6
27. Qb7+ Bd7 28. Qe4+ Kd6 29. Qxd4+ Kc6 30. Qc4+ Kb7 31. Qb4+ Kc6 32. Qc4+ Kb7
33. Qb4+ Bb5 34. Qe7+ Kc8 35. Qc5+ Kd7 36. Qd5+ Kc7 37. Qc5+ Bc6 38. Bxf6 Re8
39. Be5+ Rxe5 40. Qxe5+ Kb7 41. Qe7+ Ka8 42. Qe3 Qe8 43. Qb6 Bb7 44. f4 Qc6 45.
Qd8+ Qc8 46. Qd4 f5 47. Kb2 Qc6 48. Qd8+ Ka7 49. Qd4+ Qb6+ 50. Ka3 Qxd4 51. cxd4
Bd5 52. Kb4 Bxa2 53. Kc5 Kb7 54. d5 Kc7 55. Kd4 Kd6 56. c4 Bxc4 0-1

[Event "European Rapid 2017"]
[Site "Katowice POL"]
[Date "2017.12.17"]
[Round "8.30"]
[White "Tregubov, Pavel V."]
[Black "Nikitenko, Mihail"]
[Result "1-0"]
[WhiteTitle "GM"]
[BlackTitle "IM"]
[WhiteElo "2575"]
[BlackElo "2361"]
[WhiteFideId "4115341"]
[BlackFideId "13506862"]
[EventDate "2017.12.16"]

1. d4 d5 2. Nf3 Nf6 3. c4 c6 4. e3 e6 5. Bd3 Nbd7 6. O-O Bd6 7. Nbd2 O-O 8. e4
e5 9. cxd5 cxd5 10. exd5 exd4 11. Ne4 Nxe4 12. Bxe4 Nf6 13. Bc2 Be7 14. Re1 Nxd5
15. Qd3 g6 16. Bh6 Bf5 17. Qxd4 Bf6 18. Qd2 Bxc2 19. Bxf8 Bxb2 20. Bh6 Bxa1 21.
Rxa1 Be4 22. Rd1 Qf6 23. Ng5 Nc3 24. Nxe4 Nxe4 25. Qe3 Re8 26. f3 g5 27. fxe4
Qxh6 28. Qxa7 Qc6 29. Qe3 h6 30. Rd4 Re5 31. h3 Kh7 32. Kh2 Qc7 33. Qg3 Qe7 34.
Qg4 Qf6 35. Rb4 b6 36. Qf3 Qd6 37. Qxf7+ Kh8 38. Kg1 Qd1+ 39. Qf1 Qd6 40. a3 Rc5
41. Rb1 Rc3 42. Kh1 Rxa3 43. Rd1 Qe7 44. Qf5 Ra5 45. Qc8+ Kg7 46. Rd7 Re5 47.
Rxe7+ Rxe7 48. Qc6 Re5 49. Qxb6 1-0

[Event "European Rapid 2017"]
[Site "Katowice POL"]
[Date "2017.12.17"]
[Round "8.31"]
[White "Saraci, Nderim"]
[Black "Hracek, Zbynek"]
[Result "0-1"]
[WhiteTitle "FM"]
[BlackTitle "GM"]
[WhiteElo "2398"]
[BlackElo "2592"]
[WhiteFideId "6351921"]
[BlackFideId "300071"]
[EventDate "2017.12.16"]

1. c4 c5 2. Nc3 g6 3. g3 Bg7 4. Bg2 Nc6 5. Nf3 Nh6 6. h4 Nf5 7. h5 e6 8. d3 d5
9. cxd5 exd5 10. h6 Bf6 11. g4 Nfe7 12. g5 Bxc3+ 13. bxc3 O-O 14. Bf4 Re8 15.
Ne5 Qd6 16. Ng4 Qxf4 17. Nf6+ Kh8 18. Nxe8 Be6 19. Ng7 Qxg5 20. Kf1 Bd7 21. Qc1
Qf6 22. Rb1 b6 23. c4 d4 24. Rg1 Rd8 25. Be4 Ng8 26. Ke1 Ne5 27. Qa3 Nxh6 28.
Nh5 gxh5 29. Qxa7 Nhg4 30. f3 Ne3 31. Rxb6 Qh4+ 32. Kd2 Qf4 33. Ke1 Qh2 34. Rf1
Nxf1 35. Kxf1 Rg8 0-1

[Event "European Rapid 2017"]
[Site "Katowice POL"]
[Date "2017.12.17"]
[Round "8.32"]
[White "Krasenkow, Michal"]
[Black "Wiewiora, Eneasz"]
[Result "1/2-1/2"]
[WhiteTitle "GM"]
[BlackTitle "FM"]
[WhiteElo "2671"]
[BlackElo "2320"]
[WhiteFideId "1113100"]
[BlackFideId "1140396"]
[EventDate "2017.12.16"]

1. Nf3 d5 2. d4 Nf6 3. c4 e6 4. Nc3 Be7 5. Bf4 O-O 6. e3 c5 7. dxc5 Bxc5 8. a3
Nc6 9. cxd5 Nxd5 10. Nxd5 exd5 11. Bd3 h6 12. O-O Bd6 13. Qa4 Be6 14. Bxd6 Qxd6
15. Rfd1 Rfd8 16. Be2 a6 17. Nd4 b5 18. Qb3 Rac8 19. h3 Rc7 20. Rd2 Nxd4 21.
Rxd4 Rdc8 22. Rad1 Qe5 23. Bf3 Rc2 24. Qb4 g6 25. Bxd5 Bxd5 26. Rxd5 Qxb2 27.
Rd8+ Rxd8 28. Rxd8+ Kh7 29. Qf4 Kg7 30. Rd7 Qa1+ 31. Kh2 Qf6 32. Qxf6+ Kxf6 33.
Kg3 Ke6 34. Rb7 Rc6 35. f3 f5 36. h4 Kf6 37. Ra7 Re6 38. Kf2 Rc6 39. g4 fxg4 40.
fxg4 Ke5 41. Ke2 Kd5 42. Kd3 Rd6 43. Rh7 Ke5+ 44. Ke2 g5 45. h5 Rc6 46. Rg7 Rc2+
47. Kf3 Rc6 48. Ra7 Rf6+ 49. Ke2 Rc6 50. Ra8 Re6 51. Kd3 Rd6+ 52. Ke2 Re6 1/2-1/2

[Event "European Rapid 2017"]
[Site "Katowice POL"]
[Date "2017.12.17"]
[Round "8.33"]
[White "Dragnev, Valentin"]
[Black "Mastrovasilis, Dimitrios"]
[Result "1-0"]
[WhiteTitle "IM"]
[BlackTitle "GM"]
[WhiteElo "2458"]
[BlackElo "2582"]
[WhiteFideId "1634852"]
[BlackFideId "4202694"]
[EventDate "2017.12.16"]

1. e4 c5 2. Nf3 e6 3. d4 cxd4 4. c3 Nf6 5. e5 Nd5 6. cxd4 d6 7. a3 Bd7 8. Bd3
Bc6 9. O-O Nd7 10. Re1 Rc8 11. b4 a6 12. Bg5 Be7 13. h4 dxe5 14. dxe5 h6 15.
Bxe7 Qxe7 16. Nbd2 O-O 17. Rc1 Nf4 18. Bb1 Bb5 19. Nd4 Rxc1 20. Qxc1 Qxh4 21.
Nxb5 axb5 22. Qc2 Ng6 23. Qc7 Qd8 24. Qc2 Nb6 25. Nf3 Nd5 26. Rc1 Qb6 27. Nh4
Qd4 28. Nf3 Qg4 29. Qe4 Ndf4 30. g3 Rd8 31. Re1 Rd5 32. Nh2 Qg5 33. Nf3 Qg4 34.
Nh2 Nh3+ 35. Kg2 Qg5 36. Kxh3 Rxe5 37. Qh1 Rd5 38. Bxg6 Qxg6 39. Qe4 Qf6 40. Rc1
g6 41. Kg2 Qb2 42. Rc7 Qxa3 43. Ng4 1-0

[Event "European Rapid 2017"]
[Site "Katowice POL"]
[Date "2017.12.17"]
[Round "8.34"]
[White "Sakalauskas, Vaidas"]
[Black "Mikhalchishin, Adrian"]
[Result "1/2-1/2"]
[WhiteTitle "IM"]
[BlackTitle "GM"]
[WhiteElo "2351"]
[BlackElo "2479"]
[WhiteFideId "12800457"]
[BlackFideId "14602385"]
[EventDate "2017.12.16"]

1. d4 d5 2. c4 dxc4 3. Nf3 c5 4. e3 cxd4 5. exd4 Be6 6. Nc3 Nf6 7. Ne5 Nc6 8.
Nxc6 bxc6 9. Qa4 Qb6 10. Bxc4 Bxc4 11. Qxc4 e6 12. O-O Be7 13. Be3 O-O 14. Na4
Qb5 15. Rac1 Rac8 16. b3 Ne4 17. Nc5 Nd6 18. Qc2 Nf5 19. Qe4 Nd6 20. Qc2 Rfd8
21. Rfd1 Bf6 22. Ne4 Nxe4 23. Qxe4 Rd5 24. h3 h6 25. Rc4 Rcd8 26. Rdc1 R8d6 27.
g3 Qa6 28. R1c2 Qb6 29. Kg2 Bg5 30. Rc5 Bf6 31. R5c4 Bg5 32. Rc5 Bf6 33. R5c4 1/2-1/2

[Event "European Rapid 2017"]
[Site "Katowice POL"]
[Date "2017.12.17"]
[Round "8.35"]
[White "Stupak, Kirill"]
[Black "Meissner, Felix"]
[Result "1/2-1/2"]
[WhiteTitle "GM"]
[BlackTitle "FM"]
[WhiteElo "2588"]
[BlackElo "2333"]
[WhiteFideId "13503758"]
[BlackFideId "24671827"]
[EventDate "2017.12.16"]

1. d4 g6 2. g3 Nf6 3. Bg2 d5 4. c4 Bg7 5. Nf3 O-O 6. O-O dxc4 7. Na3 Nc6 8. Nxc4
Be6 9. b3 Bd5 10. e3 a5 11. a4 Nb4 12. Ba3 b6 13. Rc1 Re8 14. Qe2 Bb7 15. Nfe5
Bxg2 16. Kxg2 Qd5+ 17. Qf3 Qxf3+ 18. Kxf3 e6 19. Bxb4 axb4 20. Nc6 Nd5 21. e4
Nc3 22. Nxb4 Bxd4 23. Nc6 Bg7 24. N4e5 Na2 25. Rc2 Nb4 26. Nxb4 Bxe5 27. Nd3 Bg7
28. Rxc7 Red8 29. Rd1 Rd4 30. Rcc1 h5 31. Ke3 g5 32. f3 Kh7 33. h3 Rad8 34. g4
hxg4 35. hxg4 Kg6 36. Ke2 Rh8 37. Nf2 Be5 38. Rh1 Rhd8 39. Rhd1 Rh8 40. Rc4 Rxc4
41. bxc4 Ra8 42. Nd3 Kf6 43. c5 bxc5 44. Nxc5 Bc3 45. Rd3 Bb4 46. Nd7+ Ke7 47.
Ne5 Kf6 48. Nd7+ Ke7 49. Ne5 Kf6 50. Nc6 Rxa4 51. e5+ Kg6 52. Rd7 Ra2+ 53. Ke3
Bc5+ 54. Kd3 Ra3+ 55. Kc4 Bf8 56. Rd8 Bg7 57. Rd3 Ra1 58. Rd2 Rc1+ 59. Kb5 Rb1+
60. Kc4 Rc1+ 61. Kb5 Rb1+ 62. Kc4 Rc1+ 63. Kb5 Rb1+ 64. Ka6 Bf8 65. Rd3 Bc5 66.
Ka5 Rb6 67. Nd8 Rb8 68. Nc6 Rb6 69. Ne7+ Kg7 70. Nc8 Rb8 71. Nd6 Kg6 72. Ka6
Rb6+ 73. Ka5 Rb8 74. Ka6 Rb6+ 75. Ka5 Rb8 76. Ka6 Rb6+ 77. Ka5 Rb8 78. Ka6 Rb6+
79. Ka5 Rb8 80. Nc4 Rb4 81. Nd6 Rb8 1/2-1/2

[Event "European Rapid 2017"]
[Site "Katowice POL"]
[Date "2017.12.17"]
[Round "8.36"]
[White "Warakomski, Tomasz"]
[Black "Skliarov, Viktor"]
[Result "1-0"]
[WhiteTitle "GM"]
[BlackTitle "IM"]
[WhiteElo "2537"]
[BlackElo "2353"]
[WhiteFideId "1124552"]
[BlackFideId "14106736"]
[EventDate "2017.12.16"]

1. e4 c5 2. Nf3 Nc6 3. Bb5 e6 4. Bxc6 bxc6 5. d3 Ne7 6. h4 h5 7. e5 Ng6 8. Qe2
f6 9. Qe4 Kf7 10. Na3 d5 11. exd6 Qxd6 12. Nc4 Qd5 13. b3 Ba6 14. Na5 c4 15.
Nxc4 Qxe4+ 16. dxe4 Bxc4 17. bxc4 Bc5 18. Be3 Bxe3 19. fxe3 e5 20. Kd2 Rhd8+ 21.
Kc3 Nf8 22. Rhb1 Ne6 23. Rb7+ Kg6 24. Kb4 a5+ 25. Ka3 Nc5 26. Rc7 Nxe4 27. Rxc6
Rac8 28. Nxe5+ Kf5 29. Rxc8 Rxc8 30. Nd3 Rxc4 31. Rf1+ Ke6 32. Rf4 f5 33. Kb2
Rc8 34. Rf1 g6 35. Nf4+ Kf6 36. Rd1 Rb8+ 37. Kc1 a4 38. a3 g5 39. Nd5+ Ke5 40.
hxg5 Nxg5 41. Nf4 Ne4 42. Rd5+ Kf6 43. Nxh5+ Kg5 44. Nf4 Nc3 45. Ra5 Rb1+ 46.
Kd2 Ne4+ 47. Kd3 Ra1 48. Ra6 Rxa3+ 49. Ke2 Nf6 50. c4 Ra2+ 51. Kd3 Ng4 52. Nd5
Rxg2 53. Rxa4 Nf2+ 54. Kd4 Ne4 55. Ra8 Rc2 56. Rg8+ Kh6 57. Ne7 Kh7 58. Rc8 Rd2+
59. Ke5 Nd6 60. Rc7 Ne8 61. Rc6 Rc2 62. Nxf5 Kg8 63. Ke6 Kf8 64. Rc8 Rg2 65. c5
Rg6+ 66. Ke5 Kf7 67. e4 Re6+ 68. Kd4 Nf6 69. e5 Ng4 70. Nd6+ Kg7 71. Nc4 Kf7 72.
c6 Nh6 73. Nd6+ Kg7 74. c7 1-0

[Event "European Rapid 2017"]
[Site "Katowice POL"]
[Date "2017.12.17"]
[Round "8.37"]
[White "Stauskas, Lukas"]
[Black "Kantans, Toms"]
[Result "0-1"]
[BlackTitle "GM"]
[WhiteElo "2349"]
[BlackElo "2484"]
[WhiteFideId "12808148"]
[BlackFideId "11602945"]
[EventDate "2017.12.16"]

1. d4 Nf6 2. c4 g6 3. Nc3 d5 4. Bg5 Bg7 5. Nf3 Ne4 6. Bh4 c5 7. cxd5 Nxc3 8.
bxc3 Qxd5 9. e3 cxd4 10. cxd4 Nc6 11. Be2 O-O 12. O-O b6 13. Rc1 Bb7 14. Bc4 Qd7
15. Qe2 Rac8 16. Bb5 Qd6 17. Bg3 Qa3 18. Rb1 Na5 19. e4 Rc3 20. Rfd1 Rfc8 21.
Bd3 Nc6 22. d5 Nb4 23. Bb5 Rc2 24. Qe1 Nxa2 25. e5 Nc3 26. Rd3 Nxb1 27. Rxa3
Nxa3 28. Bf1 Rc1 29. Qb4 Ba6 30. Nd2 Nc4 0-1

[Event "European Rapid 2017"]
[Site "Katowice POL"]
[Date "2017.12.17"]
[Round "8.38"]
[White "Stocek, Jiri"]
[Black "Koscielski, Janusz"]
[Result "1-0"]
[WhiteTitle "GM"]
[BlackTitle "FM"]
[WhiteElo "2566"]
[BlackElo "2339"]
[WhiteFideId "304760"]
[BlackFideId "4614437"]
[EventDate "2017.12.16"]

1. d4 Nf6 2. Nf3 g6 3. c4 Bg7 4. Nc3 O-O 5. e4 d6 6. Be2 e5 7. d5 a5 8. Bg5 h6
9. Be3 Na6 10. Nd2 h5 11. h3 Nh7 12. h4 Bf6 13. g3 Bd7 14. a3 c6 15. g4 Bxh4 16.
gxh5 Bg5 17. Nf1 Nc5 18. Bg4 Nd3+ 19. Qxd3 Bxg4 20. hxg6 fxg6 21. Rg1 Bh5 22.
Ng3 Bxe3 23. Qxe3 Bf3 24. Nf5 Qf6 25. Rxg6+ Qxg6 26. Ne7+ Kg7 27. Nxg6 Kxg6 28.
Kd2 Rf4 29. Rg1+ Ng5 30. dxc6 bxc6 31. Qb6 Bxe4 32. Nxe4 Rxe4 33. Qxc6 Rd4+ 34.
Kc3 Rf8 35. c5 Rf6 36. Qg2 Rf5 37. c6 Rdf4 38. c7 Rf3+ 39. Kc4 R3f4+ 40. Kb5 e4+
41. Kb6 1-0

[Event "European Rapid 2017"]
[Site "Katowice POL"]
[Date "2017.12.17"]
[Round "8.39"]
[White "Ondrus, Martin"]
[Black "Moskalenko, Alexander"]
[Result "0-1"]
[BlackTitle "IM"]
[WhiteElo "2261"]
[BlackElo "2522"]
[WhiteFideId "14913330"]
[BlackFideId "4155351"]
[EventDate "2017.12.16"]

1. e4 d5 2. exd5 Qxd5 3. Nc3 Qd8 4. d4 Nf6 5. g3 Bg4 6. Qd3 c6 7. Bg2 e6 8. Nf3
Nbd7 9. O-O Be7 10. h3 Bh5 11. g4 Bg6 12. Qe2 Nd5 13. Nd1 Qc7 14. Ne5 Nxe5 15.
dxe5 Bc5 16. a3 Bd4 17. c4 Nb6 18. Bf4 O-O-O 19. Rc1 Nd7 20. Re1 Nc5 21. Nc3 Nd3
22. Bg3 Nxc1 23. Rxc1 Bd3 24. Qf3 Bxc4 25. Qe4 Bxc3 26. Rxc3 Bd5 27. Qa4 Bxg2
28. Kxg2 Qb6 29. Rb3 Rd4 0-1

[Event "European Rapid 2017"]
[Site "Katowice POL"]
[Date "2017.12.17"]
[Round "8.40"]
[White "Michalik, Peter"]
[Black "Kyc, Jerzy"]
[Result "1-0"]
[WhiteTitle "GM"]
[WhiteElo "2557"]
[BlackElo "2265"]
[WhiteFideId "14907526"]
[BlackFideId "1163922"]
[EventDate "2017.12.16"]

1. c4 Nf6 2. Nc3 e5 3. g3 d5 4. cxd5 Nxd5 5. Bg2 Nb6 6. Nf3 Nc6 7. Rb1 Bf5 8. d3
Be7 9. O-O Qd7 10. b4 Bxb4 11. Nxe5 Nxe5 12. Rxb4 Nc6 13. Rh4 O-O 14. Ne4 Qe7
15. Bb2 Rfe8 16. Qc1 Ne5 17. Rh5 g6 18. Qh6 f6 19. Rxf5 gxf5 20. Nxf6+ Kf7 21.
Nd5 Qd6 22. Qxh7+ Kf8 23. Nxc7 Qg6 24. Ba3+ 1-0

[Event "European Rapid 2017"]
[Site "Katowice POL"]
[Date "2017.12.17"]
[Round "8.41"]
[White "Jaracz, Pawel"]
[Black "Dorokhin, Mykhailo"]
[Result "1-0"]
[WhiteTitle "GM"]
[WhiteElo "2465"]
[BlackElo "2243"]
[WhiteFideId "1102222"]
[BlackFideId "14114178"]
[EventDate "2017.12.16"]

1. e4 c6 2. d4 d5 3. e5 Bf5 4. Be3 e6 5. Nd2 Ne7 6. Be2 Bg6 7. c3 Nd7 8. Ngf3
Nf5 9. Bf4 c5 10. g4 Nh6 11. h3 cxd4 12. Nxd4 a6 13. h4 Nc5 14. N2b3 f6 15. Nxc5
Bxc5 16. Nxe6 Bxf2+ 17. Kxf2 Qb6+ 18. Nd4 fxe5 19. Qa4+ Kd8 20. Bxe5 Qxb2 21.
Qa5+ Ke8 22. Bxg7 Nxg4+ 23. Kg3 Ne3 24. Bxh8 Kd7 25. Be5 Rc8 26. Qb4 Qd2 27.
Qxb7+ 1-0

[Event "European Rapid 2017"]
[Site "Katowice POL"]
[Date "2017.12.17"]
[Round "8.42"]
[White "Kumala, Aleksander"]
[Black "Ladva, Ottomar"]
[Result "0-1"]
[BlackTitle "GM"]
[WhiteElo "2220"]
[BlackElo "2522"]
[WhiteFideId "1141880"]
[BlackFideId "4500024"]
[EventDate "2017.12.16"]

1. e4 g6 2. h4 d5 3. e5 c5 4. h5 Bg7 5. d4 cxd4 6. Qxd4 Nc6 7. Bb5 Qa5+ 8. Nc3
Qxb5 9. Nxb5 Nxd4 10. Nxd4 Bxe5 11. Ngf3 Bb8 12. hxg6 fxg6 13. Ng5 e5 14. Nxh7
exd4 15. Nf6+ Nxf6 16. Rxh8+ Kd7 17. Bg5 Ne4 18. Rd8+ Kc7 19. Rxd5 Kc6 20. Rxd4
Nxg5 21. Rc4+ Kd7 22. Rd1+ Bd6 23. Rg4 Nf7 24. Rxg6 Ke7 25. Rg8 b6 26. Rd3 Bb7
27. Re3+ Kf6 28. Rxa8 Bxa8 29. f3 Ne5 30. b3 Bc6 31. c4 Bc5 32. Re2 Nd3+ 33. Kd1
Nf4 34. Rd2 Nxg2 35. Kc2 Ne1+ 36. Kb2 Nxf3 37. Rd8 a5 38. a3 Ke5 39. Rb8 Bd4+
40. Ka2 Nd2 41. Rd8 Be4 42. Re8+ Kf4 43. a4 Bc2 44. Re2 Bxb3+ 45. Ka3 Be3 46.
Rh2 Bxc4 47. Rh5 Bc5+ 48. Kb2 Ne4 49. Rh3 Ke5 50. Rh5+ Kd4 51. Rh3 Bb4 52. Kc2
Nc5 53. Kb2 Nxa4+ 54. Kc2 Nc5 55. Kb2 a4 56. Kc2 a3 57. Kb1 a2+ 58. Ka1 Ne4 59.
Kb2 Bc3+ 60. Kc2 a1=Q 61. Rh1 Qb2+ 0-1

[Event "European Rapid 2017"]
[Site "Katowice POL"]
[Date "2017.12.17"]
[Round "8.43"]
[White "Kaleta, Blazej"]
[Black "Zwardon, Vojtech"]
[Result "0-1"]
[BlackTitle "IM"]
[WhiteElo "2110"]
[BlackElo "2408"]
[WhiteFideId "1170252"]
[BlackFideId "325511"]
[EventDate "2017.12.16"]

1. d4 Nf6 2. Nf3 e6 3. c4 c5 4. e3 cxd4 5. Nxd4 a6 6. Nc3 Be7 7. Be2 O-O 8. a3
Qc7 9. O-O d6 10. Qc2 Nbd7 11. b3 b6 12. Bb2 Bb7 13. Rac1 Rac8 14. Rfd1 Qb8 15.
b4 Ne5 16. Qb3 Bd8 17. h3 Qa8 18. Bf1 Bc7 19. Nb1 Ng6 20. Nd2 Nh4 21. f3 Rfe8
22. e4 d5 23. exd5 exd5 24. c5 bxc5 25. bxc5 Bf4 26. Ne2 Be3+ 27. Kh1 Nh5 28.
Bd4 Nf5 29. Bxe3 Rxe3 30. Qb4 Rxe2 31. Bxe2 Nhg3+ 32. Kh2 Nxe2 33. Rb1 Bc6 34.
Re1 Bb5 35. f4 d4 36. a4 Nxf4 37. Re4 Ne2 38. g3 Qb8 39. Rf4 Nxf4 40. axb5 Nd3 0-1

[Event "European Rapid 2017"]
[Site "Katowice POL"]
[Date "2017.12.17"]
[Round "8.44"]
[White "Shkapenko, Pavel"]
[Black "Stojcevski, Zoran"]
[Result "1-0"]
[WhiteTitle "IM"]
[BlackTitle "FM"]
[WhiteElo "2431"]
[BlackElo "2337"]
[WhiteFideId "4151933"]
[BlackFideId "15000192"]
[EventDate "2017.12.16"]

1. e4 e5 2. Nf3 Nc6 3. g3 Bc5 4. Bg2 d6 5. O-O f5 6. exf5 Bxf5 7. b4 Bb6 8. b5
Nce7 9. d4 e4 10. Nh4 d5 11. c4 dxc4 12. Nxf5 Nxf5 13. Bxe4 Nge7 14. Bxf5 Nxf5
15. Re1+ Kf7 16. Qc2 Nd6 17. Bf4 Re8 18. Na3 Kg8 19. Nxc4 Nxc4 20. Qxc4+ Kh8 21.
Be5 Qd7 22. Re4 a6 23. bxa6 Rxa6 24. Rf4 Raa8 25. Rf7 Qe6 26. Rf8+ 1-0

[Event "European Rapid 2017"]
[Site "Katowice POL"]
[Date "2017.12.17"]
[Round "8.45"]
[White "Chernyak, Viktoria"]
[Black "Valsecchi, Alessio"]
[Result "1/2-1/2"]
[WhiteTitle "WFM"]
[BlackTitle "IM"]
[WhiteElo "2196"]
[BlackElo "2501"]
[WhiteFideId "24165956"]
[BlackFideId "818860"]
[EventDate "2017.12.16"]

1. Nf3 c5 2. c4 Nc6 3. Nc3 g6 4. e3 Nf6 5. d4 cxd4 6. exd4 d5 7. cxd5 Nxd5 8.
Qb3 Nxc3 9. Bc4 e6 10. bxc3 Na5 11. Bb5+ Bd7 12. Qa4 Nc6 13. O-O a6 14. Be2 Bd6
15. Be3 O-O 16. Qc2 Rc8 17. a4 Qc7 18. Qb2 Na5 19. Bh6 Rfe8 20. Rfc1 Nc4 21. Qb3
b5 22. axb5 axb5 23. h3 Rb8 24. Ra2 Rec8 25. Rca1 Bc6 26. Ra7 Qd8 27. Bg5 Qf8
28. Bf6 Bd5 29. Qb1 Rc7 30. Ng5 b4 31. Rxc7 Bxc7 32. cxb4 Rxb4 33. Qc1 Bd8 34.
Qf4 Bxf6 35. Qxf6 h6 36. Nf3 Nd6 37. Bd3 Bxf3 38. Qxf3 Qg7 39. Ra8+ Kh7 40. d5
e5 41. Qe3 Rd4 42. Ra5 Qf6 43. g3 Kg7 44. Kg2 Qd8 45. Qxe5+ Qf6 46. Qxf6+ Kxf6
47. Be2 Ke5 48. Bf3 1/2-1/2

[Event "European Rapid 2017"]
[Site "Katowice POL"]
[Date "2017.12.17"]
[Round "8.46"]
[White "Zorko, Jure"]
[Black "Colls Gelaberto, Emili"]
[Result "1-0"]
[WhiteTitle "IM"]
[BlackTitle "CM"]
[WhiteElo "2457"]
[BlackElo "2093"]
[WhiteFideId "14604051"]
[BlackFideId "2209950"]
[EventDate "2017.12.16"]

1. d4 Nf6 2. Nf3 g6 3. Bg5 Bg7 4. Nbd2 d5 5. e3 O-O 6. c3 Nbd7 7. Be2 b6 8. O-O
Bb7 9. b4 Re8 10. a4 a5 11. b5 e5 12. Bh4 Qc8 13. Qb3 e4 14. Ne1 Nf8 15. Nc2 Ne6
16. c4 Qd7 17. Na3 g5 18. Bg3 Bf8 19. Be5 Be7 20. cxd5 Bxd5 21. Bc4 Bb7 22. Nab1
Ng4 23. Bg3 Bb4 24. h3 Nh6 25. Nc3 Bxc3 26. Qxc3 Nf5 27. Be5 Nd6 28. Bb3 Rac8
29. f3 Qe7 30. fxe4 Nxe4 31. Nxe4 Bxe4 32. Rf6 Qb4 33. Qxb4 axb4 34. Rc1 Re7 35.
g4 Bg6 36. Bd6 Ree8 37. Bxb4 Kg7 38. Rf2 h5 39. gxh5 Bxh5 40. Rc6 Nd8 41. Rc3
Bg6 42. Bd6 Nb7 43. Be5+ Kg8 44. Rc6 Kh7 45. Bxf7 Be4 46. Bxe8 Rxe8 47. Rxc7+ 1-0

[Event "European Rapid 2017"]
[Site "Katowice POL"]
[Date "2017.12.17"]
[Round "8.47"]
[White "Buhmann, Rainer"]
[Black "Paszewski, Mateusz"]
[Result "1-0"]
[WhiteTitle "GM"]
[BlackTitle "FM"]
[WhiteElo "2584"]
[BlackElo "2307"]
[WhiteFideId "4651340"]
[BlackFideId "1141058"]
[EventDate "2017.12.16"]

1. Nf3 d5 2. d4 Nf6 3. c4 c6 4. e3 Bf5 5. Nc3 e6 6. Nh4 Be4 7. f3 Bg6 8. Qb3 Qc7
9. Bd2 Be7 10. g3 a6 11. Rc1 dxc4 12. Bxc4 c5 13. dxc5 Nc6 14. Na4 Nd7 15. Nxg6
hxg6 16. O-O O-O-O 17. Rf2 Rh5 18. Nb6+ Kb8 19. Nxd7+ Rxd7 20. Bxa6 Bxc5 21. Bb5
Rd6 22. Kg2 Rhd5 23. Be1 Qb6 24. Bxc6 Qxb3 25. axb3 Rxc6 26. Re2 Rd3 27. Rc3 Rd1
28. b4 Bf8 29. Rxc6 bxc6 30. Bc3 Kb7 31. f4 Kb6 32. g4 Kb5 33. g5 Kc4 34. Kf3
Kd3 35. Rf2 Bd6 36. e4 Bf8 37. h4 Be7 38. Bxg7 Bxb4 39. f5 Rh1 40. fxg6 fxg6 41.
Kg4 Kxe4 42. Rf4+ Kd5 1-0

[Event "European Rapid 2017"]
[Site "Katowice POL"]
[Date "2017.12.17"]
[Round "8.48"]
[White "Dvirnyy, Danyyil"]
[Black "Markiewicz, Jerzy"]
[Result "1-0"]
[WhiteTitle "GM"]
[BlackTitle "FM"]
[WhiteElo "2532"]
[BlackElo "2170"]
[WhiteFideId "817570"]
[BlackFideId "1101005"]
[EventDate "2017.12.16"]

1. d4 Nf6 2. c4 g6 3. g3 Bg7 4. Bg2 O-O 5. Nc3 d6 6. Nf3 Nc6 7. O-O a6 8. Bf4
Rb8 9. Rc1 Bd7 10. a3 Re8 11. d5 Na5 12. Nd2 b5 13. cxb5 axb5 14. b4 Nc4 15.
Nxc4 bxc4 16. Nb1 e6 17. dxe6 Bxe6 18. Bc6 Bd7 19. Rxc4 Bxc6 20. Rxc6 Qd7 21.
Rc2 Qh3 22. f3 Rb5 23. e4 g5 24. Qd3 gxf4 25. Qxb5 fxg3 26. hxg3 Re5 27. Qb8+
Bf8 28. Rh2 Qe6 29. Qxc7 Rg5 30. Qc2 Nh5 31. g4 Nf4 32. Nc3 Bg7 33. Nd5 Be5 34.
Qc8+ Kg7 1-0

[Event "European Rapid 2017"]
[Site "Katowice POL"]
[Date "2017.12.17"]
[Round "8.50"]
[White "Heberla, Bartlomiej"]
[Black "Berzina, Ilze"]
[Result "1-0"]
[WhiteTitle "GM"]
[BlackTitle "WGM"]
[WhiteElo "2555"]
[BlackElo "2211"]
[WhiteFideId "1115120"]
[BlackFideId "11601345"]
[EventDate "2017.12.16"]

1. e4 c6 2. c4 d5 3. cxd5 cxd5 4. e5 Nc6 5. d4 Bf5 6. Bd3 Bxd3 7. Qxd3 e6 8. Nf3
Bb4+ 9. Nc3 Nge7 10. O-O O-O 11. Ne2 Nf5 12. Ng3 Nxg3 13. hxg3 Be7 14. Bd2 Rc8
15. Rac1 h6 16. Rc2 Qb6 17. Rfc1 a6 18. g4 Rfe8 19. g5 hxg5 20. Bxg5 Bf8 21. Bd2
Be7 22. Bg5 Bf8 23. Bd2 Be7 24. g3 Na7 25. Kg2 Rxc2 26. Rh1 g6 27. Qxc2 Nc6 28.
Qd3 Qxb2 29. Qe3 Bf8 30. Qf4 Bg7 31. Qh4 Kf8 32. Bg5 Ne7 33. Bf6 Ng8 34. Bxg7+
Kxg7 35. Ng5 Kf8 36. Nh7+ Kg7 37. Nf6 1-0

[Event "European Rapid 2017"]
[Site "Katowice POL"]
[Date "2017.12.17"]
[Round "8.51"]
[White "Sgircea, Silvia-Raluca"]
[Black "Tomczak, Jacek"]
[Result "0-1"]
[WhiteTitle "WIM"]
[BlackTitle "GM"]
[WhiteElo "2193"]
[BlackElo "2588"]
[WhiteFideId "1213776"]
[BlackFideId "1124668"]
[EventDate "2017.12.16"]

1. d4 Nf6 2. Nf3 g6 3. g3 Bg7 4. Bg2 O-O 5. c4 d5 6. cxd5 Nxd5 7. O-O c5 8. dxc5
Na6 9. Nbd2 Nxc5 10. Nb3 Na4 11. Nbd4 Bd7 12. Qb3 e6 13. Bg5 Qb6 14. Qxb6 axb6
15. Rab1 e5 16. Nb3 h6 17. Bd2 Bf5 18. Rbc1 Be4 19. Rc4 f5 20. Bb4 Rfc8 21.
Rxc8+ Rxc8 22. Ba3 b5 23. Bd6 Rd8 24. Bc5 b6 25. Be3 Nxe3 26. fxe3 Nxb2 27. Nfd2
Bxg2 28. Kxg2 Nc4 29. Rc1 Nxe3+ 30. Kf3 Ng4 31. h3 e4+ 32. Kg2 Ne3+ 33. Kf2 Nd5
34. Nf1 Nc3 35. Rc2 Ra8 36. Nc1 Kf7 37. Rd2 Ke6 38. Ne3 Bf6 39. Ng2 g5 40. h4
Be5 41. e3 Rg8 42. hxg5 hxg5 43. Nb3 Ra8 44. Nc1 Rh8 45. Ne2 Nxe2 46. Rxe2 Rh3
47. g4 fxg4 48. Rd2 Bc3 49. Rd8 Rf3+ 50. Kg1 g3 51. Rb8 b4 52. Rxb6+ Kf5 53. Rb8
Kg4 54. Re8 Rf2 0-1